|
|
|
|
| LEADER |
00000nam0a2200000 4500 |
| 001 |
239858 |
| 005 |
20231101231713.0 |
| 035 |
|
|
|a (RuTPU)RU\TPU\book\261085
|
| 090 |
|
|
|a 239858
|
| 100 |
|
|
|a 20130615d1913 k y0rusy50 ca
|
| 101 |
1 |
|
|a rus
|c fre
|
| 102 |
|
|
|a RU
|
| 105 |
|
|
|a y z 000zy
|
| 200 |
1 |
|
|a Курс теоретической и практической арифметики
|e пер. с франц.
|f Ж. Таннери
|g под ред. Д. Л. Волковского
|
| 210 |
|
|
|a Москва
|c Типография т-ва д. Сытина
|d 1913
|
| 215 |
|
|
|a 671 с.
|
| 316 |
|
|
|5 63413507: 84//514
|a Библиотека Елатомской мужской гимназии
|
| 606 |
1 |
|
|a Арифметика теоретическая
|2 stltpush
|3 (RuTPU)RU\TPU\subj\29347
|9 52699
|
| 610 |
1 |
|
|a определения
|
| 610 |
1 |
|
|a свойства
|
| 610 |
1 |
|
|a нумерация
|
| 610 |
1 |
|
|a числа
|
| 610 |
1 |
|
|a дроби
|
| 610 |
1 |
|
|a вычисления
|
| 610 |
1 |
|
|a метрическая система
|
| 610 |
1 |
|
|a вычисления
|
| 610 |
1 |
|
|a иррациональные числа
|
| 675 |
|
|
|a 511.1
|v 3
|
| 700 |
|
1 |
|a Таннери
|b Ж.
|g Жюль
|
| 702 |
|
1 |
|a Волковский
|b Д. Л.
|4 340
|
| 801 |
|
1 |
|a RU
|b 63413507
|c 20130615
|
| 801 |
|
2 |
|a RU
|b 63413507
|c 20130820
|g RCR
|
| 942 |
|
|
|c BK
|